000 00604nam a2200217Ia 4500
003 OSt
005 20220928135548.0
006 a|||||r|||| 00| 0
007 ta
008 220927b |||||||| |||| 00| 0 eng d
024 _a3149
037 _cTextual
040 _aSDCL
_cSDCL
_beng
041 _2eng
_aeng
082 _aX:5171:(Z2,4), P4
100 _aPillai P S Atchuthen
_9491543
245 0 _aLaw of tort with law of statutory compensation and consumer protection
260 _c2004
942 _hX:5171:(Z2,4), P4
_cTEXL
_2CC
999 _c806943
_d806943